Football par lettre - F - Statistiques

Statistiques générales
  • Ce quiz a été pris 470 fois
  • Le résultat moyen est 4 sur 10
Statistiques - réponses
Indices Solutions % Correct
Le plus emblématique numéro 7 de l'histoire du Portugal avant un certain Cristiano Ronaldo Figo
87%
Jari Litmanen est le joueur le plus capé de cette sélection Finlande
81%
Recordman de buts en une seule Coupe du Monde (13) Fontaine
79%
Prénom du meilleur buteur de l'histoire de Chelsea Frank
69%
Joueur français, membre du carré magique, 60 sélections en équipe national, figure du PSG Fernandez
32%
Animal représenté sur le logo de l'équipe d'Arabie Saoudite Faucon
25%
Prénom du Ballon d'Or 1967 Florian
20%
Légende du football italien et de l'Inter Milan? Giacinto ... Facchetti
16%
Dans quel club se dernier évoluait lors de sa récompense ? Ferencvaros
16%
Les Bula Boys Fidji
16%
Aucun quiz correspondant
Distribution des résultats
% des personnes avec chaque résultat
Percentile par nombre de réponses
Votre historique - résultats
Vous n’avez pas pris ce quiz